[Event "RUS-ch Blitz 2021"]
[Site "Sochi"]
[Date "2021.10.11"]
[Round "9.13"]
[White "Obgolts, Erik"]
[Black "Zakhartsov, Vladimir"]
[Result "1-0"]
[WhiteElo "2430"]
[BlackElo "2514"]
[Annotator "ChessBase"]
[PlyCount "125"]
[EventDate "2021.10.11"]
[EventType "blitz"]
[EventCountry "RUS"]
[SourceTitle "playchess.com"]
[Source "ChessBase"]
[SourceQuality "1"]
[TimeControl "180+2"]

1. e4 {[%emt 0:00:04]} c5 {[%emt 0:00:00]} 2. Nf3 {[%emt 0:00:00]} d6 {[%emt 0:
00:00]} 3. d4 {[%emt 0:00:00]} Nf6 {[%emt 0:00:00]} 4. Nc3 {[%emt 0:00:14]}
cxd4 {[%emt 0:00:01]} 5. Nxd4 {[%emt 0:00:00]} a6 {[%emt 0:00:00]} 6. Be3 {
[%emt 0:00:00]} Ng4 {[%emt 0:00:00]} 7. Bg5 {[%emt 0:00:00]} h6 {[%emt 0:00:02]
} 8. Bh4 {[%emt 0:00:00]} g5 {[%emt 0:00:00]} 9. Bg3 {[%emt 0:00:00]} Bg7 {
[%emt 0:00:00]} 10. h3 {[%emt 0:00:19]} Ne5 {[%emt 0:00:03]} 11. Nf5 {[%emt 0:
00:00]} Bxf5 {[%emt 0:00:05]} 12. exf5 {[%emt 0:00:00]} Nbc6 {[%emt 0:00:00]}
13. Nd5 {[%emt 0:00:04]} e6 {[%emt 0:00:06]} 14. fxe6 {[%emt 0:00:00]} fxe6 {
[%emt 0:00:01]} 15. Ne3 {[%emt 0:00:00]} Qa5+ {[%emt 0:00:00]} 16. c3 {[%emt 0:
00:00]} Nf3+ {[%emt 0:00:04]} 17. gxf3 {[%emt 0:00:07]} Bxc3+ {[%emt 0:00:00]}
18. bxc3 {[%emt 0:00:00]} Qxc3+ {[%emt 0:00:00]} 19. Qd2 {[%emt 0:00:00]} Qxa1+
{[%emt 0:00:00]} 20. Nd1 {[%emt 0:00:00]} O-O-O {[%emt 0:00:00]} 21. Bg2 {
[%emt 0:00:29]} Qd4 {[%emt 0:00:25]} 22. Ne3 {[%emt 0:01:07]} Qxd2+ {[%emt 0:
00:07]} 23. Kxd2 {[%emt 0:00:00]} e5 {[%emt 0:00:04]} 24. h4 {[%emt 0:00:00]}
Nd4 {[%emt 0:00:07]} 25. Nc2 {[%emt 0:00:03]} Nc6 {[%emt 0:00:16]} 26. Bh3+ {
[%emt 0:00:11]} Kb8 {[%emt 0:00:00]} 27. Rb1 {[%emt 0:00:00]} Rdf8 {[%emt 0:00:
06]} 28. hxg5 {[%emt 0:00:09]} hxg5 {[%emt 0:00:17]} 29. Be6 {[%emt 0:00:00]}
Ne7 {[%emt 0:00:31]} 30. Ke2 {[%emt 0:00:04]} Rh6 {[%emt 0:00:05]} 31. Bc4 {
[%emt 0:00:02]} d5 {[%emt 0:00:34]} 32. Bb3 {[%emt 0:00:05]} Ka8 {[%emt 0:00:
09]} 33. Ne3 {[%emt 0:00:00]} d4 {[%emt 0:00:09]} 34. Ng4 {[%emt 0:00:00]} Rhf6
{[%emt 0:00:00]} 35. Nxf6 {[%emt 0:00:00]} Rxf6 {[%emt 0:00:03]} 36. Bxe5 {
[%emt 0:00:00]} d3+ {[%emt 0:00:05]} 37. Kxd3 {[%emt 0:00:07]} Rxf3+ {[%emt 0:
00:04]} 38. Ke2 {[%emt 0:00:00]} Rf5 {[%emt 0:00:00]} 39. Bd4 {[%emt 0:00:00]}
Nc6 {[%emt 0:00:00]} 40. Be3 {[%emt 0:00:00]} Re5 {[%emt 0:00:00]} 41. Rd1 {
[%emt 0:00:00]} g4 {[%emt 0:00:00]} 42. Rd5 {[%emt 0:00:00]} Re8 {[%emt 0:00:
00]} 43. Rg5 {[%emt 0:00:00]} Nd4+ {[%emt 0:00:00]} 44. Kd3 {[%emt 0:00:00]}
Nf3 {[%emt 0:00:00]} 45. Rg8 {[%emt 0:00:00]} Rxg8 {[%emt 0:00:00]} 46. Bxg8 {
[%emt 0:00:00]} Kb8 {[%emt 0:00:00]} 47. Ke4 {[%emt 0:00:00]} b5 {[%emt 0:00:
00]} 48. Kf4 {[%emt 0:00:00]} Ne1 {[%emt 0:00:00]} 49. Kxg4 {[%emt 0:00:41]}
Nc2 {[%emt 0:01:08]} 50. Bd2 {[%emt 0:00:11]} Kb7 {[%emt 0:00:03]} 51. f4 {
[%emt 0:00:00]} Nd4 {[%emt 0:00:04]} 52. f5 {[%emt 0:00:02]} Nxf5 {[%emt 0:00:
03]} 53. Kxf5 {[%emt 0:00:00]} Kb6 {[%emt 0:00:01]} 54. Ke4 {[%emt 0:00:07]} a5
{[%emt 0:00:00]} 55. Kd3 {[%emt 0:00:00]} b4 {[%emt 0:00:00]} 56. Kc4 {[%emt 0:
00:02]} Kc6 {[%emt 0:00:01]} 57. Be3 {[%emt 0:00:02]} b3 {[%emt 0:00:00]} 58.
axb3 {[%emt 0:00:02]} a4 {[%emt 0:00:02]} 59. bxa4 {[%emt 0:00:01]} Kb7 {
[%emt 0:00:00]} 60. Kb5 {[%emt 0:00:03]} Ka8 {[%emt 0:00:01]} 61. Bd5+ {
[%emt 0:00:00]} Kb8 {[%emt 0:00:02]} 62. a5 {[%emt 0:00:00]} Kc8 {[%emt 0:00:
00]} 63. a6 {[%emt 0:00:03]} 1-0

[Event "RUS-ch Blitz 2021"]
[Site "Sochi"]
[Date "2021.10.11"]
[Round "9.14"]
[White "Savitskiy, Sergey"]
[Black "Demidov, Mikhail"]
[Result "0-1"]
[WhiteElo "2439"]
[BlackElo "2551"]
[Annotator "ChessBase"]
[PlyCount "72"]
[EventDate "2021.10.11"]
[EventType "blitz"]
[EventCountry "RUS"]
[SourceTitle "playchess.com"]
[Source "ChessBase"]
[SourceQuality "1"]
[TimeControl "180+2"]

1. e4 {[%emt 0:00:00]} Nf6 {[%emt 0:00:05]} 2. e5 {[%emt 0:00:01]} Nd5 {
[%emt 0:00:00]} 3. d4 {[%emt 0:00:00]} d6 {[%emt 0:00:00]} 4. c4 {[%emt 0:00:
00]} Nb6 {[%emt 0:00:00]} 5. exd6 {[%emt 0:00:15]} exd6 {[%emt 0:00:00]} 6. Nc3
{[%emt 0:00:00]} Be7 {[%emt 0:00:00]} 7. Bd3 {[%emt 0:00:00]} Nc6 {[%emt 0:00:
09]} 8. Nge2 {[%emt 0:00:03]} Bg5 {[%emt 0:00:00]} 9. f4 {[%emt 0:00:28]} Bh4+
{[%emt 0:00:00]} 10. g3 {[%emt 0:00:00]} Bf6 {[%emt 0:00:00]} 11. d5 {[%emt 0:
00:04]} Nb4 {[%emt 0:00:12]} 12. Bb1 {[%emt 0:00:00]} O-O {[%emt 0:00:24]} 13.
a3 {[%emt 0:00:07]} Na6 {[%emt 0:00:00]} 14. b4 {[%emt 0:00:09]} Re8 {[%emt 0:
00:08]} 15. Kf2 {[%emt 0:00:36]} Bg4 {[%emt 0:00:14]} 16. Ra2 {[%emt 0:00:01]}
Bxc3 {[%emt 0:00:21]} 17. Qd3 {[%emt 0:00:01]} Bf6 {[%emt 0:00:11]} 18. Qxh7+ {
[%emt 0:00:08]} Kf8 {[%emt 0:00:00]} 19. Re1 {[%emt 0:00:22]} g6 {[%emt 0:00:
00]} 20. Bxg6 {[%emt 0:00:15]} fxg6 {[%emt 0:00:08]} 21. Qxg6 {[%emt 0:00:04]}
Bxe2 {[%emt 0:00:12]} 22. Raxe2 {[%emt 0:00:01]} Rxe2+ {[%emt 0:00:16]} 23.
Rxe2 {[%emt 0:00:00]} Bd4+ {[%emt 0:00:00]} 24. Kg2 {[%emt 0:00:03]} Qf6 {
[%emt 0:00:00]} 25. Qh5 {[%emt 0:00:00]} Qf7 {[%emt 0:00:07]} 26. Qg4 {[%emt 0:
00:18]} Re8 {[%emt 0:00:11]} 27. Re6 {[%emt 0:00:00]} Nxc4 {[%emt 0:00:26]} 28.
f5 {[%emt 0:00:00]} Ne3+ {[%emt 0:00:00]} 29. Bxe3 {[%emt 0:00:00]} Bxe3 {
[%emt 0:00:00]} 30. Qe4 {[%emt 0:00:37]} Bh6 {[%emt 0:00:15]} 31. h4 {[%emt 0:
00:00]} c6 {[%emt 0:00:08]} 32. g4 {[%emt 0:00:18]} Nc7 {[%emt 0:00:04]} 33. g5
{[%emt 0:00:03]} cxd5 {[%emt 0:00:15]} 34. Rxe8+ {[%emt 0:00:04]} Qxe8 {
[%emt 0:00:13]} 35. Qf4 {[%emt 0:00:00]} Bg7 {[%emt 0:00:03]} 36. f6 {[%emt 0:
00:00]} Qe4+ {[%emt 0:00:04]} 0-1

[Event "RUS-ch Blitz 2021"]
[Site "Sochi"]
[Date "2021.10.11"]
[Round "9.15"]
[White "Samusenko, Maksim"]
[Black "Trushnikov, Sergey"]
[Result "1-0"]
[WhiteElo "2461"]
[BlackElo "2525"]
[Annotator "ChessBase"]
[PlyCount "159"]
[EventDate "2021.10.11"]
[EventType "blitz"]
[EventCountry "RUS"]
[SourceTitle "playchess.com"]
[Source "ChessBase"]
[SourceQuality "1"]
[TimeControl "180+2"]

1. e4 {[%emt 0:00:00]} g6 {[%emt 0:00:00]} 2. d4 {[%emt 0:00:03]} Bg7 {[%emt 0:
00:02]} 3. Nc3 {[%emt 0:00:16]} d6 {[%emt 0:00:00]} 4. Be3 {[%emt 0:00:00]} a6
{[%emt 0:00:06]} 5. a4 {[%emt 0:00:00]} Nc6 {[%emt 0:00:00]} 6. Nf3 {[%emt 0:
00:10]} Nf6 {[%emt 0:00:07]} 7. h3 {[%emt 0:00:00]} O-O {[%emt 0:00:00]} 8. Be2
{[%emt 0:00:09]} Nd7 {[%emt 0:00:26]} 9. O-O {[%emt 0:00:10]} e5 {[%emt 0:00:
03]} 10. Qd2 {[%emt 0:00:07]} Re8 {[%emt 0:00:20]} 11. Rfe1 {[%emt 0:00:15]}
exd4 {[%emt 0:00:30]} 12. Nxd4 {[%emt 0:00:00]} Nxd4 {[%emt 0:00:21]} 13. Bxd4
{[%emt 0:00:00]} Nf6 {[%emt 0:00:10]} 14. Bc4 {[%emt 0:00:14]} Bd7 {[%emt 0:00:
00]} 15. Rad1 {[%emt 0:00:01]} Bc6 {[%emt 0:00:06]} 16. f3 {[%emt 0:00:10]} Nh5
{[%emt 0:00:08]} 17. Bxg7 {[%emt 0:00:25]} Kxg7 {[%emt 0:00:00]} 18. b4 {
[%emt 0:00:05]} b6 {[%emt 0:00:12]} 19. b5 {[%emt 0:00:00]} axb5 {[%emt 0:00:
00]} 20. axb5 {[%emt 0:00:04]} Bb7 {[%emt 0:00:07]} 21. Nd5 {[%emt 0:00:06]}
Bxd5 {[%emt 0:00:01]} 22. Bxd5 {[%emt 0:00:00]} Ra5 {[%emt 0:00:03]} 23. Bc6 {
[%emt 0:00:04]} Re6 {[%emt 0:00:16]} 24. e5 {[%emt 0:00:10]} Qh4 {[%emt 0:00:
18]} 25. Qc3 {[%emt 0:00:20]} dxe5 {[%emt 0:00:10]} 26. Bd7 {[%emt 0:00:19]}
Re7 {[%emt 0:00:00]} 27. Rxe5 {[%emt 0:00:19]} Qf6 {[%emt 0:00:06]} 28. Re3 {
[%emt 0:00:00]} Qxc3 {[%emt 0:00:09]} 29. Rxc3 {[%emt 0:00:00]} Ra7 {[%emt 0:
00:00]} 30. Bc6 {[%emt 0:00:09]} Nf4 {[%emt 0:00:00]} 31. Rc4 {[%emt 0:00:00]}
Ne6 {[%emt 0:00:02]} 32. Re4 {[%emt 0:00:05]} Kf6 {[%emt 0:00:01]} 33. Rde1 {
[%emt 0:00:00]} Ra2 {[%emt 0:00:06]} 34. R4e2 {[%emt 0:00:01]} Ra4 {[%emt 0:00:
02]} 35. Kf2 {[%emt 0:00:00]} h5 {[%emt 0:00:02]} 36. Bd5 {[%emt 0:00:14]} Rb4
{[%emt 0:00:00]} 37. c4 {[%emt 0:00:00]} h4 {[%emt 0:00:03]} 38. Re4 {[%emt 0:
00:00]} g5 {[%emt 0:00:01]} 39. R1e2 {[%emt 0:00:03]} Ra4 {[%emt 0:00:00]} 40.
g3 {[%emt 0:00:04]} hxg3+ {[%emt 0:00:02]} 41. Kxg3 {[%emt 0:00:00]} Ra3 {
[%emt 0:00:00]} 42. Kg4 {[%emt 0:00:08]} Ra1 {[%emt 0:00:00]} 43. Kg3 {[%emt 0:
00:05]} Ra3 {[%emt 0:00:00]} 44. Re5 {[%emt 0:00:06]} Ra1 {[%emt 0:00:03]} 45.
R5e4 {[%emt 0:00:05]} Ra3 {[%emt 0:00:03]} 46. Re5 {[%emt 0:00:02]} Ra1 {
[%emt 0:00:02]} 47. R5e4 {[%emt 0:00:03]} Ra3 {[%emt 0:00:04]} 48. h4 {[%emt 0:
00:02]} gxh4+ {[%emt 0:00:03]} 49. Rxh4 {[%emt 0:00:00]} Ra1 {[%emt 0:00:06]}
50. Rhe4 {[%emt 0:00:00]} Ra3 {[%emt 0:00:02]} 51. Kf2 {[%emt 0:00:01]} Ra4 {
[%emt 0:00:04]} 52. f4 {[%emt 0:00:01]} Rd7 {[%emt 0:00:03]} 53. Bxe6 {[%emt 0:
00:05]} fxe6 {[%emt 0:00:00]} 54. Rxe6+ {[%emt 0:00:00]} Kf7 {[%emt 0:00:02]}
55. Rc6 {[%emt 0:00:03]} Ra1 {[%emt 0:00:00]} 56. Kf3 {[%emt 0:00:02]} Rf1+ {
[%emt 0:00:02]} 57. Kg4 {[%emt 0:00:00]} Rg1+ {[%emt 0:00:01]} 58. Kf5 {
[%emt 0:00:01]} Rh1 {[%emt 0:00:01]} 59. Rg2 {[%emt 0:00:04]} Rh5+ {[%emt 0:00:
03]} 60. Rg5 {[%emt 0:00:03]} Rh1 {[%emt 0:00:02]} 61. Rgg6 {[%emt 0:00:02]}
Rh5+ {[%emt 0:00:06]} 62. Kg4 {[%emt 0:00:00]} Rh1 {[%emt 0:00:02]} 63. Rcf6+ {
[%emt 0:00:03]} Ke7 {[%emt 0:00:00]} 64. Rg7+ {[%emt 0:00:02]} Kxf6 {[%emt 0:
00:05]} 65. Rxd7 {[%emt 0:00:02]} Rg1+ {[%emt 0:00:02]} 66. Kf3 {[%emt 0:00:00]
} Rc1 {[%emt 0:00:01]} 67. Rxc7 {[%emt 0:00:00]} Kf5 {[%emt 0:00:04]} 68. Rc6 {
[%emt 0:00:03]} Rc3+ {[%emt 0:00:01]} 69. Ke2 {[%emt 0:00:00]} Kxf4 {[%emt 0:
00:00]} 70. Kd2 {[%emt 0:00:03]} Rh3 {[%emt 0:00:02]} 71. Rxb6 {[%emt 0:00:00]}
Ke4 {[%emt 0:00:00]} 72. Rd6 {[%emt 0:00:02]} Ke5 {[%emt 0:00:01]} 73. Rd5+ {
[%emt 0:00:01]} Ke4 {[%emt 0:00:00]} 74. Kc2 {[%emt 0:00:06]} Rg3 {[%emt 0:00:
02]} 75. Rd2 {[%emt 0:00:02]} Ke5 {[%emt 0:00:02]} 76. Kb2 {[%emt 0:00:05]} Rf3
{[%emt 0:00:01]} 77. c5 {[%emt 0:00:02]} Ke6 {[%emt 0:00:01]} 78. b6 {[%emt 0:
00:03]} Rf4 {[%emt 0:00:04]} 79. Kc3 {[%emt 0:00:01]} Ra4 {[%emt 0:00:01]} 80.
b7 {[%emt 0:00:03]} 1-0

[Event "RUS-ch Blitz 2021"]
[Site "Sochi"]
[Date "2021.10.11"]
[Round "9.16"]
[White "Pogosyan, Stefan"]
[Black "Murzin, Volodar"]
[Result "1/2-1/2"]
[WhiteElo "2407"]
[BlackElo "2513"]
[Annotator "ChessBase"]
[PlyCount "101"]
[EventDate "2021.10.11"]
[EventType "blitz"]
[EventCountry "RUS"]
[SourceTitle "playchess.com"]
[Source "ChessBase"]
[SourceQuality "1"]
[TimeControl "180+2"]

1. Nf3 {[%emt 0:00:00]} Nf6 {[%emt 0:00:02]} 2. b3 {[%emt 0:00:01]} d5 {
[%emt 0:00:31]} 3. Bb2 {[%emt 0:00:01]} Bg4 {[%emt 0:00:11]} 4. e3 {[%emt 0:00:
39]} Nbd7 {[%emt 0:00:06]} 5. Be2 {[%emt 0:00:00]} e6 {[%emt 0:00:06]} 6. O-O {
[%emt 0:00:07]} Bd6 {[%emt 0:00:00]} 7. c4 {[%emt 0:00:02]} c6 {[%emt 0:00:00]}
8. Nc3 {[%emt 0:00:00]} Qe7 {[%emt 0:00:07]} 9. d4 {[%emt 0:00:08]} O-O {
[%emt 0:00:10]} 10. Qc2 {[%emt 0:00:27]} Rfe8 {[%emt 0:00:53]} 11. e4 {[%emt 0:
00:16]} dxe4 {[%emt 0:00:11]} 12. Nxe4 {[%emt 0:00:03]} Nxe4 {[%emt 0:00:02]}
13. Qxe4 {[%emt 0:00:00]} Bxf3 {[%emt 0:00:22]} 14. Bxf3 {[%emt 0:00:10]} e5 {
[%emt 0:00:00]} 15. Rfe1 {[%emt 0:00:50]} exd4 {[%emt 0:00:12]} 16. Qxe7 {
[%emt 0:00:00]} Rxe7 {[%emt 0:00:04]} 17. Rxe7 {[%emt 0:00:00]} Bxe7 {[%emt 0:
00:02]} 18. Bxd4 {[%emt 0:00:02]} Bf6 {[%emt 0:00:03]} 19. Rd1 {[%emt 0:00:27]}
Bxd4 {[%emt 0:00:00]} 20. Rxd4 {[%emt 0:00:02]} Re8 {[%emt 0:00:10]} 21. Kf1 {
[%emt 0:00:05]} Nf6 {[%emt 0:00:22]} 22. c5 {[%emt 0:00:00]} Kf8 {[%emt 0:00:
02]} 23. b4 {[%emt 0:00:07]} a6 {[%emt 0:00:04]} 24. a4 {[%emt 0:00:00]} Ke7 {
[%emt 0:00:05]} 25. b5 {[%emt 0:00:05]} axb5 {[%emt 0:00:00]} 26. axb5 {
[%emt 0:00:03]} cxb5 {[%emt 0:00:00]} 27. Bxb7 {[%emt 0:00:00]} Nd7 {[%emt 0:
00:07]} 28. c6 {[%emt 0:00:11]} Nc5 {[%emt 0:00:04]} 29. Rd5 {[%emt 0:00:02]}
Nxb7 {[%emt 0:00:02]} 30. cxb7 {[%emt 0:00:00]} Rb8 {[%emt 0:00:00]} 31. Rxb5 {
[%emt 0:00:00]} Kd6 {[%emt 0:00:02]} 32. Ke2 {[%emt 0:00:02]} Kc6 {[%emt 0:00:
00]} 33. Rb1 {[%emt 0:00:07]} Rxb7 {[%emt 0:00:00]} 34. Rxb7 {[%emt 0:00:05]}
Kxb7 {[%emt 0:00:00]} 35. Kd3 {[%emt 0:00:00]} Kc6 {[%emt 0:00:00]} 36. Ke4 {
[%emt 0:00:00]} Kd6 {[%emt 0:00:00]} 37. Kf5 {[%emt 0:00:01]} Kd5 {[%emt 0:00:
00]} 38. h4 {[%emt 0:00:00]} Kd6 {[%emt 0:00:09]} 39. g4 {[%emt 0:00:06]} Kd5 {
[%emt 0:00:01]} 40. g5 {[%emt 0:00:02]} Kd6 {[%emt 0:00:05]} 41. h5 {[%emt 0:
00:00]} Ke7 {[%emt 0:00:05]} 42. f3 {[%emt 0:00:07]} g6+ {[%emt 0:00:01]} 43.
hxg6 {[%emt 0:00:03]} hxg6+ {[%emt 0:00:03]} 44. Ke5 {[%emt 0:00:00]} Ke8 {
[%emt 0:00:00]} 45. Kf6 {[%emt 0:00:03]} Kf8 {[%emt 0:00:00]} 46. f4 {[%emt 0:
00:00]} Ke8 {[%emt 0:00:04]} 47. f5 {[%emt 0:00:00]} gxf5 {[%emt 0:00:02]} 48.
Kxf5 {[%emt 0:00:03]} Kf8 {[%emt 0:00:01]} 49. Kf6 {[%emt 0:00:00]} Kg8 {
[%emt 0:00:00]} 50. g6 {[%emt 0:00:00]} fxg6 {[%emt 0:00:00]} 51. Kxg6 {
[%emt 0:00:03]} 1/2-1/2

[Event "RUS-ch Blitz 2021"]
[Site "Sochi"]
[Date "2021.10.11"]
[Round "9.17"]
[White "Riazantsev, Alexander"]
[Black "Lobanov, Sergei"]
[Result "1-0"]
[WhiteElo "2634"]
[BlackElo "2501"]
[Annotator "ChessBase"]
[PlyCount "117"]
[EventDate "2021.10.11"]
[EventType "blitz"]
[EventCountry "RUS"]
[SourceTitle "playchess.com"]
[Source "ChessBase"]
[SourceQuality "1"]
[TimeControl "180+2"]

1. d4 {[%emt 0:00:00]} Nf6 {[%emt 0:00:00]} 2. c4 {[%emt 0:00:09]} e6 {[%emt 0:
00:02]} 3. Nf3 {[%emt 0:00:00]} d5 {[%emt 0:00:00]} 4. Bg5 {[%emt 0:00:00]}
Nbd7 {[%emt 0:00:16]} 5. e3 {[%emt 0:00:00]} h6 {[%emt 0:00:00]} 6. Bh4 {
[%emt 0:00:00]} g5 {[%emt 0:00:15]} 7. Bg3 {[%emt 0:00:01]} Ne4 {[%emt 0:00:02]
} 8. Nc3 {[%emt 0:00:18]} Bb4 {[%emt 0:00:10]} 9. Qc2 {[%emt 0:00:16]} h5 {
[%emt 0:00:17]} 10. h3 {[%emt 0:00:11]} Nxg3 {[%emt 0:00:12]} 11. fxg3 {
[%emt 0:00:00]} Bd6 {[%emt 0:00:12]} 12. O-O-O {[%emt 0:00:09]} c6 {[%emt 0:00:
15]} 13. e4 {[%emt 0:00:06]} Bxg3 {[%emt 0:00:15]} 14. exd5 {[%emt 0:00:03]}
cxd5 {[%emt 0:00:00]} 15. cxd5 {[%emt 0:00:00]} Nf6 {[%emt 0:00:28]} 16. dxe6 {
[%emt 0:00:32]} Bxe6 {[%emt 0:00:04]} 17. d5 {[%emt 0:00:00]} Bd7 {[%emt 0:00:
00]} 18. Kb1 {[%emt 0:00:06]} Rc8 {[%emt 0:00:49]} 19. Nxg5 {[%emt 0:00:10]}
Qb6 {[%emt 0:00:05]} 20. Bd3 {[%emt 0:00:32]} Kf8 {[%emt 0:00:00]} 21. Rhf1 {
[%emt 0:00:07]} Be5 {[%emt 0:00:02]} 22. Ka1 {[%emt 0:00:23]} Rxc3 {[%emt 0:00:
09]} 23. bxc3 {[%emt 0:00:00]} Qa5 {[%emt 0:00:02]} 24. Rc1 {[%emt 0:00:07]}
Kg7 {[%emt 0:00:04]} 25. Nf3 {[%emt 0:00:03]} Bf4 {[%emt 0:00:05]} 26. c4 {
[%emt 0:00:14]} Bxc1 {[%emt 0:00:05]} 27. Rxc1 {[%emt 0:00:00]} Re8 {[%emt 0:
00:05]} 28. Qb2 {[%emt 0:00:00]} Qb6 {[%emt 0:00:01]} 29. Qc3 {[%emt 0:00:10]}
Qd6 {[%emt 0:00:03]} 30. Rf1 {[%emt 0:00:00]} Kf8 {[%emt 0:00:02]} 31. Ng5 {
[%emt 0:00:00]} Qe5 {[%emt 0:00:02]} 32. Kb2 {[%emt 0:00:12]} Kg7 {[%emt 0:00:
02]} 33. h4 {[%emt 0:00:10]} b6 {[%emt 0:00:00]} 34. Nf3 {[%emt 0:00:04]} Qxc3+
{[%emt 0:00:00]} 35. Kxc3 {[%emt 0:00:00]} Bg4 {[%emt 0:00:00]} 36. Kd4 {
[%emt 0:00:03]} Nd7 {[%emt 0:00:02]} 37. Ng5 {[%emt 0:00:02]} f6 {[%emt 0:00:
01]} 38. Ne4 {[%emt 0:00:00]} Rd8 {[%emt 0:00:09]} 39. Ng3 {[%emt 0:00:04]} Ne5
{[%emt 0:00:00]} 40. Bf5 {[%emt 0:00:00]} Bxf5 {[%emt 0:00:03]} 41. Nxf5+ {
[%emt 0:00:00]} Kg6 {[%emt 0:00:02]} 42. Ne7+ {[%emt 0:00:05]} Kf7 {[%emt 0:00:
00]} 43. Nf5 {[%emt 0:00:00]} Kg6 {[%emt 0:00:03]} 44. Ne3 {[%emt 0:00:04]}
Nc6+ {[%emt 0:00:00]} 45. Kc3 {[%emt 0:00:00]} Ne5 {[%emt 0:00:00]} 46. a4 {
[%emt 0:00:05]} Nd7 {[%emt 0:00:02]} 47. Nf5 {[%emt 0:00:06]} Re8 {[%emt 0:00:
00]} 48. Rf3 {[%emt 0:00:02]} Nc5 {[%emt 0:00:06]} 49. Nd4 {[%emt 0:00:02]}
Nxa4+ {[%emt 0:00:02]} 50. Kb4 {[%emt 0:00:00]} Nc5 {[%emt 0:00:03]} 51. Kb5 {
[%emt 0:00:03]} Re4 {[%emt 0:00:00]} 52. Rg3+ {[%emt 0:00:01]} Kf7 {[%emt 0:00:
03]} 53. Nf5 {[%emt 0:00:03]} Rf4 {[%emt 0:00:03]} 54. Nd6+ {[%emt 0:00:00]}
Ke7 {[%emt 0:00:03]} 55. Kc6 {[%emt 0:00:00]} Rxh4 {[%emt 0:00:01]} 56. Rg7+ {
[%emt 0:00:00]} Kf8 {[%emt 0:00:02]} 57. Rxa7 {[%emt 0:00:04]} Ne4 {[%emt 0:00:
02]} 58. Nf5 {[%emt 0:00:07]} Ng5 {[%emt 0:00:03]} 59. Nxh4 {[%emt 0:00:00]}
1-0

[Event "RUS-ch Blitz 2021"]
[Site "Sochi"]
[Date "2021.10.11"]
[Round "9.18"]
[White "Dudin, Gleb"]
[Black "Nesterov, Arseniy"]
[Result "0-1"]
[WhiteElo "2438"]
[BlackElo "2514"]
[Annotator "ChessBase"]
[PlyCount "72"]
[EventDate "2021.10.11"]
[EventType "blitz"]
[EventCountry "RUS"]
[SourceTitle "playchess.com"]
[Source "ChessBase"]
[SourceQuality "1"]
[TimeControl "180+2"]

1. d4 {[%emt 0:00:00]} d5 {[%emt 0:00:08]} 2. c4 {[%emt 0:00:04]} c6 {[%emt 0:
00:00]} 3. Nf3 {[%emt 0:00:00]} Nf6 {[%emt 0:00:03]} 4. e3 {[%emt 0:00:04]} Bg4
{[%emt 0:00:00]} 5. Nbd2 {[%emt 0:00:18]} e6 {[%emt 0:00:00]} 6. Bd3 {[%emt 0:
00:06]} Nbd7 {[%emt 0:00:11]} 7. O-O {[%emt 0:00:00]} Be7 {[%emt 0:00:09]} 8.
b3 {[%emt 0:00:06]} O-O {[%emt 0:00:06]} 9. Bb2 {[%emt 0:00:00]} a5 {[%emt 0:
00:03]} 10. a3 {[%emt 0:00:14]} Bh5 {[%emt 0:00:00]} 11. Qc2 {[%emt 0:00:08]}
Bg6 {[%emt 0:00:07]} 12. e4 {[%emt 0:00:34]} dxe4 {[%emt 0:00:11]} 13. Nxe4 {
[%emt 0:00:00]} Qb6 {[%emt 0:00:11]} 14. Nxf6+ {[%emt 0:00:09]} Bxf6 {[%emt 0:
00:08]} 15. Bxg6 {[%emt 0:00:15]} hxg6 {[%emt 0:00:00]} 16. Rad1 {[%emt 0:00:
09]} Rfd8 {[%emt 0:00:19]} 17. Rd3 {[%emt 0:00:11]} c5 {[%emt 0:00:17]} 18.
Rfd1 {[%emt 0:00:31]} cxd4 {[%emt 0:00:02]} 19. Bxd4 {[%emt 0:00:07]} Nc5 {
[%emt 0:00:14]} 20. Re3 {[%emt 0:00:40]} Rd6 {[%emt 0:00:30]} 21. Bxf6 {
[%emt 0:00:00]} gxf6 {[%emt 0:00:05]} 22. Rxd6 {[%emt 0:00:08]} Qxd6 {[%emt 0:
00:00]} 23. g3 {[%emt 0:00:00]} e5 {[%emt 0:00:07]} 24. h4 {[%emt 0:00:04]} e4
{[%emt 0:00:09]} 25. Ne1 {[%emt 0:00:02]} f5 {[%emt 0:00:00]} 26. Ng2 {[%emt 0:
00:02]} Nd3 {[%emt 0:00:00]} 27. Qd2 {[%emt 0:00:02]} Qxa3 {[%emt 0:00:09]} 28.
Nf4 {[%emt 0:00:00]} Qxb3 {[%emt 0:00:22]} 29. Nxd3 {[%emt 0:00:01]} exd3 {
[%emt 0:00:00]} 30. h5 {[%emt 0:00:00]} Qc2 {[%emt 0:00:06]} 31. Rxd3 {[%emt 0:
00:07]} Qxd2 {[%emt 0:00:00]} 32. Rxd2 {[%emt 0:00:00]} gxh5 {[%emt 0:00:05]}
33. Kf1 {[%emt 0:00:03]} a4 {[%emt 0:00:04]} 34. Ke2 {[%emt 0:00:00]} Kg7 {
[%emt 0:00:04]} 35. Kd3 {[%emt 0:00:01]} Rd8+ {[%emt 0:00:00]} 36. Kc3 {
[%emt 0:00:06]} Rxd2 {[%emt 0:00:03]} 0-1